[Event "Ivrea Autumn Cup 24th"]
[Site "Ivrea"]
[Date "2013.10.24"]
[Round "3"]
[White "Bellotti, Giuseppe"]
[Black "Chiarotto, Filippo"]
[Result "0-1"]
[WhiteElo "1744"]
[BlackElo "2084"]
[PlyCount "74"]
[EventDate "2013.10.10"]
[EventType "swiss"]
[EventRounds "9"]
[EventCountry "ITA"]
[SourceTitle "EXT 2017"]
[Source "ChessBase"]
[SourceDate "2016.10.25"]
[SourceVersion "1"]
[SourceVersionDate "2016.10.25"]
[SourceQuality "1"]

1. e4 c5 2. Nf3 a6 3. c3 e6 4. d4 cxd4 5. cxd4 d5 6. e5 Bd7 7. b3 Nc6 8. Be2 Bb4+ 9. Kf1 Nge7 10. Bb2 Nf5 11. Nc3 0-0 12. Rc1 Rc8 13. Na4 f6 14. g3 fxe5 15. dxe5 Nce7 16. Kg2 Bxa4 17. bxa4 Nc6 18. a3 Be7 19. Qb3 Qd7 20. Rhd1 Na5 21. Qb6 Rxc1 22. Rxc1 Bd8 23. Qb4 Nc6 24. Qb3 Qf7 25. Rf1 g5 26. h3 h6 27. Nh2 Ncd4 28. Qd3 Nxe2 29. Qxe2 h5 30. Nf3 Kg7 31. Bc1 Qg6 32. Qd2 g4 33. hxg4 hxg4 34. Nd4 Rh8 35. Rh1 Nxd4 36. Qxd4 Bb6 37. Qxb6 Qe4+ 0-1

[Event "Ivrea Autumn Cup 24th"]
[Site "Ivrea"]
[Date "2013.10.10"]
[Round "1"]
[White "Grosso, Giacomo"]
[Black "Bellotti, Giuseppe"]
[Result "1-0"]
[WhiteElo "1282"]
[BlackElo "1744"]
[PlyCount "59"]
[EventDate "2013.10.10"]
[EventType "swiss"]
[EventRounds "9"]
[EventCountry "ITA"]
[SourceTitle "EXT 2017"]
[Source "ChessBase"]
[SourceDate "2016.10.25"]
[SourceVersion "1"]
[SourceVersionDate "2016.10.25"]
[SourceQuality "1"]

1. e4 e5 2. Nf3 Nc6 3. Bb5 a6 4. Ba4 Nf6 5. 0-0 Nxe4 6. Re1 Nc5 7. Nxe5 Be7 8. Bxc6 dxc6 9. d4 Nd7 10. Bg5 Nxe5 11. Bxe7 Qxe7 12. Rxe5 Be6 13. f4 0-0-0 14. f5 Qg5 15. Rxe6 fxe6 16. fxe6 Qe3+ 17. Kh1 Rxd4 18. Qf1 Rf4 19. Qg1 Qxg1+ 20. Kxg1 Rhf8 21. Nc3 Rf2 22. e7 Re8 23. Kxf2 Rxe7 24. Re1 Rf7+ 25. Kg1 Kd8 26. Ne4 Re7 27. Rd1+ Kc8 28. Nc5 Re2 29. Rf1 b6 30. Rf8+ 1-0

[Event "Ivrea Eporediese op 28th"]
[Site "Ivrea"]
[Date "2011.02.17"]
[Round "4"]
[White "Chiarotto, Filippo"]
[Black "Bellotti, Giuseppe"]
[Result "1-0"]
[WhiteElo "2122"]
[BlackElo "1706"]
[PlyCount "87"]
[EventDate "2011.01.27"]
[EventType "swiss"]
[EventRounds "9"]
[EventCountry "ITA"]
[SourceTitle "EXT 2012"]
[Source "ChessBase"]
[SourceDate "2011.11.24"]
[SourceVersion "1"]
[SourceVersionDate "2011.11.24"]
[SourceQuality "1"]

1. e4 e5 2. Nf3 Nc6 3. Nc3 Nf6 4. a3 Bc5 5. Bc4 d6 6. h3 Be6 7. d3 Nd4 8. Bg5 h6 9. Bh4 Bxc4 10. dxc4 Nxf3+ 11. Qxf3 g5 12. Bg3 Qe7 13. 0-0-0 0-0-0 14. Kb1 Qe6 15. Nd5 Nxd5 16. cxd5 Qg6 17. Rhe1 Rhf8 18. Qf5+ Qxf5 19. exf5 h5 20. Re4 h4 21. b4 Bb6 22. Bh2 Bxf2 23. c4 f6 24. Kc2 Rd7 25. Kd3 Kd8 26. Ke2 Bd4 27. Kf3 Bb2 28. Bg1 a6 29. Rb1 Bc3 30. Be3 Re8 31. Kg4 Rde7 32. Rc1 Bd4 33. Bxd4 exd4 34. Re6 Rxe6 35. fxe6 c5 36. bxc5 dxc5 37. Kf5 Ke7 38. Rb1 Rb8 39. Rb6 d3 40. d6+ Kd8 41. Rb3 b5 42. Rxd3 bxc4 43. Rc3 Rb6 44. Kxf6 1-0

[Event "Ivrea Eporediese op 28th"]
[Site "Ivrea"]
[Date "2011.02.03"]
[Round "2"]
[White "Razzano, Lorenzo"]
[Black "Bellotti, Giuseppe"]
[Result "1/2-1/2"]
[WhiteElo "1941"]
[BlackElo "1706"]
[PlyCount "106"]
[EventDate "2011.01.27"]
[EventType "swiss"]
[EventRounds "9"]
[EventCountry "ITA"]
[SourceTitle "EXT 2012"]
[Source "ChessBase"]
[SourceDate "2011.11.24"]
[SourceVersion "1"]
[SourceVersionDate "2011.11.24"]
[SourceQuality "1"]

1. c4 e6 2. g3 d5 3. Bg2 Nf6 4. b3 dxc4 5. Bb2 cxb3 6. Qxb3 c6 7. Nf3 Qb6 8. Qc2 Nbd7 9. 0-0 Be7 10. Nc3 0-0 11. a4 a5 12. Rfb1 Qa6 13. Ba3 Bxa3 14. Rxa3 Rb8 15. Rab3 Nd5 16. Nxd5 exd5 17. Nd4 Qc4 18. Qxc4 dxc4 19. Rc3 c5 20. Nf5 b6 21. Ne7+ Kh8 22. Nc6 Ra8 23. Ne5 Rb8 24. Nxc4 Ba6 25. d3 Bxc4 26. dxc4 Nf6 27. Rcb3 Rbd8 28. e3 Rd2 29. Rxb6 Rc2 30. R6b5 Rxc4 31. Rxa5 g6 32. Bf3 Rd8 33. Ra7 Rd7 34. Rxd7 Nxd7 35. a5 Ne5 36. Bd5 Ra4 37. Rb5 c4 38. Rc5 Kg7 39. f4 Nd3 40. Rc7 Ra1+ 41. Kg2 Ne1+ 42. Kf2 c3 43. Rxc3 Rxa5 44. e4 Ra1 45. Rc7 Nd3+ 46. Ke3 Nb4 47. Rxf7+ Kh6 48. Be6 Re1+ 49. Kf3 Nc2 50. Bd5 Nd4+ 51. Kg2 Re2+ 52. Kg1 Nf3+ 53. Kf1 Rd2 1/2-1/2

[Event "Ivrea Eporediese op 28th"]
[Site "Ivrea"]
[Date "2011.01.27"]
[Round "1"]
[White "Bellotti, Giuseppe"]
[Black "Trotto, Pierangelo"]
[Result "1-0"]
[WhiteElo "1706"]
[BlackElo "1904"]
[PlyCount "45"]
[EventDate "2011.01.27"]
[EventType "swiss"]
[EventRounds "9"]
[EventCountry "ITA"]
[SourceTitle "EXT 2012"]
[Source "ChessBase"]
[SourceDate "2011.11.24"]
[SourceVersion "1"]
[SourceVersionDate "2011.11.24"]
[SourceQuality "1"]

1. e4 c5 2. Nf3 d6 3. d4 cxd4 4. Nxd4 Nf6 5. Nc3 a6 6. f4 Qc7 7. Bd3 Nc6 8. Nf3 e6 9. 0-0 Be7 10. Qe1 0-0 11. Kh1 Bd7 12. Be3 Rac8 13. Rd1 Na5 14. e5 Nd5 15. Nxd5 exd5 16. Qg3 Nc4 17. Bd4 dxe5 18. Nxe5 f6 19. Nxd7 Qxd7 20. Rfe1 Bc5 21. Bxc4 Bxd4 22. Bb3 Bxb2 23. Rxd5 1-0

[Event "Arvier Amatori op 1st"]
[Site "Arvier"]
[Date "2011.01.09"]
[Round "7"]
[White "Bellotti, Giuseppe"]
[Black "Belabbas, Abdellah"]
[Result "0-1"]
[WhiteElo "1706"]
[BlackElo "1890"]
[PlyCount "97"]
[EventDate "2011.01.03"]
[EventType "swiss"]
[EventRounds "7"]
[EventCountry "ITA"]
[SourceTitle "EXT 2012"]
[Source "ChessBase"]
[SourceDate "2011.11.24"]
[SourceVersion "1"]
[SourceVersionDate "2011.11.24"]
[SourceQuality "1"]

1. e4 c5 2. Nf3 Nc6 3. d4 cxd4 4. Nxd4 g6 5. Nc3 Bg7 6. Be3 a6 7. Qd2 Qc7 8. Nd5 Qd6 9. 0-0-0 Nf6 10. Nxf6+ Qxf6 11. c3 b5 12. f3 Ne5 13. h4 h5 14. Qf2 Bb7 15. Be2 Rc8 16. Nc2 Qe6 17. Kb1 d5 18. Nd4 Qf6 19. exd5 Bxd5 20. Nxb5 Qe6 21. Nd4 Bxa2+ 22. Ka1 Qd5 23. Nf5 Qa5 24. Nxg7+ Kf8 25. Bb6 Qa4 26. Qd4 Bc4+ 27. Kb1 Qa2+ 28. Kc1 Qa1+ 29. Kd2 Qxb2+ 30. Ke3 Qxe2+ 31. Kf4 g5+ 32. hxg5 Ng6+ 33. Kg3 e5 34. Qd6+ Kxg7 35. Qf6+ Kg8 36. Rhe1 h4+ 37. Kh2 Qa2 38. Be3 h3 39. Rd2 hxg2+ 40. Kxg2 Qa4 41. Red1 Qb5 42. Rd8+ Rxd8 43. Rxd8+ Kh7 44. Rxh8+ Nxh8 45. Kg3 Ng6 46. Qf5 Qd5 47. Qh3+ Kg8 48. f4 exf4+ 49. Bxf4 0-1

[Event "Arvier Amatori op 1st"]
[Site "Arvier"]
[Date "2011.01.06"]
[Round "4"]
[White "Fragni, Enrico"]
[Black "Bellotti, Giuseppe"]
[Result "0-1"]
[WhiteElo "1753"]
[BlackElo "1706"]
[PlyCount "88"]
[EventDate "2011.01.03"]
[EventType "swiss"]
[EventRounds "7"]
[EventCountry "ITA"]
[SourceTitle "EXT 2012"]
[Source "ChessBase"]
[SourceDate "2011.11.24"]
[SourceVersion "1"]
[SourceVersionDate "2011.11.24"]
[SourceQuality "1"]

1. c4 c5 2. Nc3 Nc6 3. Nf3 g6 4. g3 Bg7 5. Bg2 e6 6. 0-0 Nge7 7. Ng5 d5 8. cxd5 exd5 9. e3 0-0 10. Ne2 h6 11. Nf3 d4 12. exd4 cxd4 13. d3 Be6 14. b3 Nd5 15. Bd2 Nc3 16. Bxc3 dxc3 17. Rc1 Nb4 18. d4 Nxa2 19. Ra1 Nb4 20. Nxc3 Nd5 21. Ne4 b6 22. Ne5 a5 23. Rc1 Rc8 24. Qd2 f5 25. Rxc8 Bxc8 26. Nc3 Nxc3 27. Qxc3 Bxe5 28. dxe5 f4 29. Qc4+ Kg7 30. gxf4 Qd7 31. Kh1 Qg4 32. Qc7+ Rf7 33. Qxb6 Qxf4 34. Qxa5 Bb7 35. Bxb7 Rxb7 36. Qd5 Re7 37. e6 Kf6 38. f3 Rxe6 39. Qd8+ Kg7 40. Qd7+ Kf6 41. Qd8+ Kf7 42. Qd5 Kf6 43. Rd1 Qe3 44. Qd8+ Re7 0-1